| 000 | 00734nam a2200217 i 4500 | ||
|---|---|---|---|
| 001 | 85832 | ||
| 003 | ES-MaACL | ||
| 005 | 20230906175323.0 | ||
| 007 | t| | ||
| 008 | 041202s1935 sp ||||1| eng d | ||
| 100 | 1 |
_aKeats, John. _967699 |
|
| 245 | 1 | 0 |
_aPoems / _cby John Keats ; a selection and introduction by J. Marcaró ; drawings by Lola Anglada. |
| 260 |
_a[Palma de Mallorca] : _bMoll, _c1935 ( _fMiramar) |
||
| 300 |
_aXIV, 329 p., 2 lám. ; _c23 cm. |
||
| 490 | 1 | _aExemparia mundi. Bibliotheca optimorum operum | |
| 700 | 1 |
_aMarcaró, J. _976357 |
|
| 700 | 1 |
_aAnglada, Lola. _921735 |
|
| 830 | 0 |
_aExemparia mundi. Bibliotheca optimorum operum _9231729 |
|
| 852 |
_aES-MaACL _jC-9509 _bR.37805 |
||
| 999 |
_c85832 _d85832 |
||